000 00869nam a2200253 4500
001 54769
003 BD-RjUL
005 20211209080151.0
008 161110s2004 bg ||||| |||| 00| 0 eng d
020 _a9843212991
035 _a(BD-RjUL)54891
040 _beng
_cBD-RjUL
041 _aeng
082 _223
_a027.75492
_bMOU 2004
100 _aMostafa, Md. Golam ; Bandyopadhyay, Amit Kumar
_9163286
245 0 1 _aUniversity libraries in Bangladesh : problems and prospects/
_cMd. Golam Mostafa and Amit Kumar Bandyopadhyay.
260 _aRajshahi : Hilali Foundation :
_bDistributor, Eureka Book Agency,
_c2004.
300 _a294 pages ;
_c24 cm.
500 _aIncludes statistical tables.
650 _aAcademic libraries --
_x Bangladesh.
_9163287
700 _aMostafa, Md. Golam
_9118409
700 _aBandyopadhyay, Amit Kumar
_9125336
942 _2ddc
_cBK
999 _c54769
_d54769